000 00716nas a2200253 4500
001 BR9203593
003 BR-BrBNA
005 20231205095034.0
007 ta
008 230509b bl.|||p| |||| 00| 00por d
040 _aBR-BrBNA
_bpor
_cBiblioteca Nacional de Agricultura
041 _a(Pt)
072 _aL01
100 1 _aMachado, P.F.
100 1 _aMachado, M.A.F.T.
245 1 _aControle zootecnico: um exemplo de sistema
650 _aBovino
650 _aProducao Animal
650 _aMelhoramento Animal
650 _aZootecnia
773 0 _tGado Holandes (Brazil)
_xISSN 0101-7977
_g(Feb 1992), v. 58(401) p. 11-14
_wBR9203593
909 _a202311
_bLúcia
_c55
_dLúcia Elande
942 _2AGRIS
_n0
_cANA
999 _c148395
_d148395